[Event "ROM-ch U18"]
[Site "Calimanesti"]
[Date "2015.04.04"]
[Round "7"]
[White "Turcuman, Dragos Mihai"]
[Black "Sirghi, Timotei"]
[Result "0-1"]
[WhiteElo "1742"]
[BlackElo "1671"]
[PlyCount "41"]
[EventDate "2015.03.30"]
[EventType "swiss"]
[EventRounds "9"]
[EventCountry "ROU"]
[SourceTitle "CBM 165 Extra"]
[Source "ChessBase"]
[SourceDate "2015.04.21"]
[SourceVersion "1"]
[SourceVersionDate "2015.04.21"]
[SourceQuality "1"]

1. e4 c5 2. Nc3 d6 3. f4 g6 4. Nf3 Bg7 5. Bc4 Nc6 6. d3 a6 7. a4 e6 8. 0-0 Nge7 9. Qe1 Nd4 10. Bb3 Bd7 11. Qh4 Nec6 12. Qh3 Nxb3 13. cxb3 Nd4 14. Be3 Nc2 15. Rae1 Nxe1 16. Rxe1 0-0 17. f5 exf5 18. Bg5 f6 19. Bf4 fxe4 20. Qg3 exf3 21. Re8 0-1

[Event "ROM-ch U18"]
[Site "Calimanesti"]
[Date "2015.03.31"]
[Round "2"]
[White "Turcuman, Dragos Mihai"]
[Black "Voicu, Gabriel"]
[Result "0-1"]
[WhiteElo "1742"]
[BlackElo "1913"]
[PlyCount "78"]
[EventDate "2015.03.30"]
[EventType "swiss"]
[EventRounds "9"]
[EventCountry "ROU"]
[SourceTitle "CBM 165 Extra"]
[Source "ChessBase"]
[SourceDate "2015.04.21"]
[SourceVersion "1"]
[SourceVersionDate "2015.04.21"]
[SourceQuality "1"]

1. e4 c5 2. Nc3 e6 3. f4 d5 4. e5 Ne7 5. Nf3 h5 6. a4 Nf5 7. Bd3 Nh6 8. Bb5+ Bd7 9. b3 Nc6 10. Ba3 a6 11. Bxc6 Bxc6 12. d4 Qa5 13. Qd2 Nf5 14. Ne2 Qxd2+ 15. Kxd2 b6 16. h3 h4 17. c3 c4 18. Bxf8 Kxf8 19. b4 f6 20. Rab1 Ke7 21. Rhg1 Be8 22. a5 b5 23. Rbe1 Bh5 24. Ref1 Rag8 25. g4 hxg3 26. Nxg3 Bg6 27. Nxf5+ Bxf5 28. h4 Be4 29. Rh1 Rh5 30. Ke3 Rgh8 31. Rfg1 Kf7 32. Rg4 f5 33. Rg3 Bxf3 34. Kxf3 Rxh4 35. Rhg1 R8h7 36. R1g2 Rh1 37. Rc2 R7h2 38. Rgg2 Rf1+ 39. Ke3 Rh3+ 0-1

[Event "ROM-ch U18"]
[Site "Calimanesti"]
[Date "2015.03.30"]
[Round "1"]
[White "Turcuman, Dragos Mihai"]
[Black "Bunta, Andrei"]
[Result "0-1"]
[WhiteElo "1742"]
[BlackElo "2143"]
[PlyCount "58"]
[EventDate "2015.03.30"]
[EventType "swiss"]
[EventRounds "9"]
[EventCountry "ROU"]
[SourceTitle "CBM 165 Extra"]
[Source "ChessBase"]
[SourceDate "2015.04.21"]
[SourceVersion "1"]
[SourceVersionDate "2015.04.21"]
[SourceQuality "1"]

1. e4 e6 2. d4 d5 3. exd5 exd5 4. c4 Nf6 5. Nc3 Be7 6. Nf3 0-0 7. Bd3 Bg4 8. 0-0 Nc6 9. cxd5 Nxd5 10. Be4 Nf6 11. Bxc6 bxc6 12. Be3 Rb8 13. b3 Ba3 14. h3 Bxf3 15. Qxf3 Bb2 16. Qxc6 Bxa1 17. Rxa1 Qd6 18. Qc4 Rfd8 19. Nb5 Qb6 20. Nc3 Qa5 21. Bf4 Rbc8 22. b4 Qb6 23. Be5 Nd7 24. Bf4 Nf8 25. d5 Qf6 26. Rd1 Rd7 27. d6 Qe6 28. Nd5 Ng6 29. Bg5 Rxd6 0-1

[Event "ROM-ch U18"]
[Site "Calimanesti"]
[Date "2014.04.08"]
[Round "3"]
[White "Dobre, Mihai"]
[Black "Turcuman, Dragos Mihai"]
[Result "1-0"]
[WhiteElo "2018"]
[BlackElo "1705"]
[PlyCount "117"]
[EventDate "2014.04.06"]
[EventType "swiss"]
[EventRounds "9"]
[EventCountry "ROU"]
[SourceTitle "CBM 160 Extra"]
[Source "ChessBase"]
[SourceDate "2014.07.01"]
[SourceVersion "1"]
[SourceVersionDate "2014.07.01"]
[SourceQuality "1"]

1. e4 c5 2. Nf3 d6 3. d4 Nf6 4. Nc3 cxd4 5. Qxd4 Nc6 6. Bb5 Bd7 7. Bxc6 bxc6 8. e5 dxe5 9. Nxe5 Qb6 10. Qc4 e6 11. 0-0 Be7 12. Nxd7 Nxd7 13. Rb1 0-0 14. Be3 Qb7 15. Rfd1 Nb6 16. Qg4 Nd5 17. Bd4 Bf6 18. Bxf6 Nxf6 19. Qc4 Rfd8 20. b3 h6 21. Rd3 Rxd3 22. Qxd3 Nd5 23. a3 Nxc3 24. Qxc3 Rd8 25. Re1 Qd7 26. g3 f6 27. Qc4 Kf7 28. Qc5 e5 29. h4 Rb8 30. a4 Rd8 31. Re3 Qc7 32. Rc3 Rd6 33. Qc4+ Kf8 34. Qc5 Kf7 35. Qc4+ Kf8 36. Qc5 Kf7 37. b4 Qd7 38. Kg2 g6 39. Qe3 Kg7 40. Rc5 Rd5 41. Rc4 Rd4 42. Rxd4 exd4 43. Qe4 Kf7 44. h5 f5 45. hxg6+ Kxg6 46. Qe5 Kg5 47. Kf1 d3 48. Qe3+ Kg6 49. cxd3 a6 50. Ke2 c5 51. bxc5 Qxa4 52. Qe6+ Kg5 53. Qe3+ Kg6 54. Qe6+ Kg7 55. Qxf5 Qc2+ 56. Kf3 a5 57. Qd7+ Kg6 58. c6 Qa4 59. Qg4+ 1-0

[Event "ROM-ch U16"]
[Site "Calimanesti"]
[Date "2013.04.04"]
[Round "4"]
[White "Pricopie, Stefan"]
[Black "Turcuman, Dragos Mihai"]
[Result "1-0"]
[WhiteElo "1670"]
[BlackElo "1605"]
[PlyCount "115"]
[EventDate "2013.04.02"]
[EventType "swiss"]
[EventRounds "9"]
[EventCountry "ROU"]
[SourceTitle "CBM 153 Extra"]
[Source "ChessBase"]
[SourceDate "2013.04.22"]
[SourceVersion "1"]
[SourceVersionDate "2013.04.22"]
[SourceQuality "1"]

1. d4 Nf6 2. c4 e6 3. Nf3 b6 4. g3 Bb7 5. Bg2 Be7 6. 0-0 0-0 7. Nc3 Ne4 8. Qc2 f5 9. Bd2 d6 10. Ne1 d5 11. cxd5 exd5 12. Nd3 Nxd2 13. Qxd2 Bg5 14. e3 c6 15. Rfc1 Nd7 16. b4 a6 17. a4 Nf6 18. f4 Ne4 19. Nxe4 fxe4 20. Ne5 Be7 21. Rc2 Qd6 22. Rb1 Qe6 23. Qc1 Rac8 24. Qf1 Qd6 25. Bh3 Rc7 26. b5 axb5 27. axb5 c5 28. Rbc1 Ra8 29. dxc5 Rxc5 30. Rxc5 bxc5 31. Ra1 Bf6 32. Rxa8+ Bxa8 33. Nd7 Bb7 34. Nxf6+ Qxf6 35. Bd7 Qc3 36. Qe2 g6 37. Bc6 Bxc6 38. bxc6 Qa1+ 39. Kg2 Qa4 40. c7 Qc6 41. Qa2 Qxc7 42. Qxd5+ Qf7 43. Qxc5 Qa2+ 44. Kh3 Qb1 45. Qc8+ Kg7 46. Qd7+ Kg8 47. Qe8+ Kg7 48. Qe5+ Kg8 49. Kh4 Qh1 50. Kg5 Qd1 51. Qe8+ Kg7 52. Qe7+ Kg8 53. g4 Qd5+ 54. Kh6 Qf7 55. Qd8+ Qf8+ 56. Qxf8+ Kxf8 57. Kxh7 Kf7 58. g5 1-0

[Event "ROM-ch U16"]
[Site "Calimanesti"]
[Date "2013.04.02"]
[Round "1"]
[White "Turcuman, Dragos Mihai"]
[Black "Barbuleanu, Serban Ioan"]
[Result "0-1"]
[WhiteElo "1605"]
[BlackElo "1895"]
[PlyCount "56"]
[EventDate "2013.04.02"]
[EventType "swiss"]
[EventRounds "9"]
[EventCountry "ROU"]
[SourceTitle "CBM 153 Extra"]
[Source "ChessBase"]
[SourceDate "2013.04.22"]
[SourceVersion "1"]
[SourceVersionDate "2013.04.22"]
[SourceQuality "1"]

1. e4 c5 2. Nf3 Nc6 3. d4 cxd4 4. Nxd4 Nf6 5. Nc3 e5 6. Ndb5 d6 7. Bg5 a6 8. Bxf6 gxf6 9. Na3 b5 10. Nd5 f5 11. Bd3 Be6 12. c3 Bg7 13. Nc2 Bxd5 14. exd5 Ne7 15. 0-0 e4 16. Be2 0-0 17. a4 Rc8 18. Nd4 Rc5 19. axb5 axb5 20. Nxb5 Nxd5 21. Ra6 Be5 22. g3 f4 23. Qb3 f3 24. Bc4 Qc8 25. Kh1 Qxa6 26. Nxd6 Qxd6 27. Rd1 Rxc4 28. Qxc4 Ne3 0-1

[Event "ROM-ch"]
[Site "Baile Olanesti"]
[Date "2013.02.24"]
[Round "11"]
[White "Ciorica, Ovidiu Nicolaie"]
[Black "Turcuman, Dragos Mihai"]
[Result "0-1"]
[WhiteElo "1618"]
[BlackElo "1598"]
[PlyCount "94"]
[EventDate "2013.02.16"]
[EventType "swiss"]
[EventRounds "11"]
[EventCountry "ROU"]
[SourceTitle "CBM 153 Extra"]
[Source "ChessBase"]
[SourceDate "2013.04.22"]
[SourceVersion "1"]
[SourceVersionDate "2013.04.22"]
[SourceQuality "1"]

1. e4 c5 2. Nf3 d6 3. Bc4 g6 4. d4 Nf6 5. Nc3 cxd4 6. Qxd4 Bg7 7. e5 Nc6 8. Bb5 Nd7 9. Bxc6 bxc6 10. Qc4 Nxe5 11. Nxe5 Bxe5 12. Qxc6+ Bd7 13. Qf3 0-0 14. 0-0 Rb8 15. Rb1 Bf5 16. Bh6 Re8 17. Ne4 Rxb2 18. Rxb2 Bxb2 19. Qb3 Qb6 20. Re1 Qxb3 21. cxb3 Bxe4 22. Rxe4 Ba3 23. Rc4 Bc5 24. b4 Bb6 25. a4 a5 26. b5 Bc5 27. Be3 Rc8 28. Kf1 Kf8 29. Rc2 Ke8 30. Bxc5 Rxc5 31. Rxc5 dxc5 32. Ke2 Kd7 33. Kd3 Kc7 34. Kc4 Kb6 35. f4 e6 36. h4 h6 37. h5 gxh5 38. g3 f6 39. Kd3 e5 40. f5 Kc7 41. Kc4 Kd6 42. b6 Kc6 43. b7 Kxb7 44. Kxc5 Ka6 45. Kd5 Kb6 46. Kc4 Kc6 47. Kc3 Kc5 0-1

[Event "ROM-ch"]
[Site "Baile Olanesti"]
[Date "2013.02.21"]
[Round "7"]
[White "Turcuman, Dragos Mihai"]
[Black "Rusu, Gheorghe"]
[Result "0-1"]
[WhiteElo "1598"]
[BlackElo "1683"]
[PlyCount "78"]
[EventDate "2013.02.16"]
[EventType "swiss"]
[EventRounds "11"]
[EventCountry "ROU"]
[SourceTitle "CBM 153 Extra"]
[Source "ChessBase"]
[SourceDate "2013.04.22"]
[SourceVersion "1"]
[SourceVersionDate "2013.04.22"]
[SourceQuality "1"]

1. e4 e5 2. Nf3 Nc6 3. d4 exd4 4. Nxd4 Nf6 5. Nc3 Bb4 6. Nxc6 bxc6 7. Bg5 h6 8. Bd2 0-0 9. Bd3 d5 10. exd5 cxd5 11. 0-0 Bd6 12. h3 c5 13. Qf3 Bb7 14. Nb5 Bb8 15. Bf4 Qd7 16. a4 a6 17. Bxb8 Raxb8 18. Bf5 Qd8 19. Na3 d4 20. Qd3 Qd5 21. f3 Rfe8 22. Rfe1 Re5 23. Rxe5 Qxe5 24. Kf2 Re8 25. Nc4 Qc7 26. a5 Nh5 27. Bg4 Qg3+ 28. Kf1 Nf4 29. Qd2 Re2 30. Qxe2 Nxe2 31. Kxe2 Qxg2+ 32. Kd3 Bxf3 33. Bxf3 Qxf3+ 34. Kd2 Qxh3 35. Re1 Qg2+ 36. Re2 Qd5 37. Nb6 Qa2 38. Nd7 Qxa5+ 39. Kd3 Qb5+ 0-1

[Event "ROM-ch"]
[Site "Baile Olanesti"]
[Date "2013.02.19"]
[Round "5"]
[White "Turcuman, Dragos Mihai"]
[Black "Vasile, Claudiu Daniel"]
[Result "0-1"]
[WhiteElo "1598"]
[BlackElo "2145"]
[PlyCount "50"]
[EventDate "2013.02.16"]
[EventType "swiss"]
[EventRounds "11"]
[EventCountry "ROU"]
[SourceTitle "CBM 153 Extra"]
[Source "ChessBase"]
[SourceDate "2013.04.22"]
[SourceVersion "1"]
[SourceVersionDate "2013.04.22"]
[SourceQuality "1"]

1. e4 e5 2. Nf3 Nc6 3. d4 exd4 4. Nxd4 Bc5 5. Nxc6 Qf6 6. Qf3 Qxf3 7. gxf3 bxc6 8. Bf4 d6 9. Nd2 Be6 10. Nb3 Bb6 11. Bd3 Ne7 12. Rg1 0-0 13. Be3 c5 14. Nd2 c6 15. Nc4 d5 16. Nxb6 axb6 17. c3 f5 18. h4 f4 19. Bd2 d4 20. b3 Bxb3 21. a3 Ng6 22. h5 Ne5 23. Ke2 c4 24. Bb1 d3+ 25. Kf1 Nxf3 0-1

[Event "ROM-ch"]
[Site "Baile Olanesti"]
[Date "2013.02.17"]
[Round "2"]
[White "Tiron, Calin Andrei"]
[Black "Turcuman, Dragos Mihai"]
[Result "1-0"]
[WhiteElo "1906"]
[BlackElo "1598"]
[PlyCount "55"]
[EventDate "2013.02.16"]
[EventType "swiss"]
[EventRounds "11"]
[EventCountry "ROU"]
[SourceTitle "CBM 153 Extra"]
[Source "ChessBase"]
[SourceDate "2013.04.22"]
[SourceVersion "1"]
[SourceVersionDate "2013.04.22"]
[SourceQuality "1"]

1. e4 c5 2. Nc3 g6 3. g4 Nc6 4. d3 Bg7 5. Bg2 e6 6. Be3 d6 7. Qd2 Nge7 8. Nge2 Nd4 9. Nd1 0-0 10. Ng3 Rb8 11. c3 Ndc6 12. h4 f5 13. h5 fxg4 14. Bh6 Qe8 15. Bxg7 Kxg7 16. Ne3 Ne5 17. 0-0-0 b5 18. d4 Nf3 19. Bxf3 gxf3 20. Rh4 g5 21. h6+ Kg8 22. Rh5 Rf6 23. dxc5 dxc5 24. Ng4 Rf8 25. Qxg5+ Ng6 26. Nf6+ Rxf6 27. Qxf6 Bb7 28. Qg7# 1-0

[Event "Miercurea Ciuc Banc Post op 14th"]
[Site "Miercurea Ciuc"]
[Date "2011.08.16"]
[Round "6"]
[White "Turcuman, Dragos Mihai"]
[Black "Matei, Ciprian"]
[Result "0-1"]
[WhiteElo "1592"]
[BlackElo "1827"]
[PlyCount "64"]
[EventDate "2011.08.12"]
[EventType "swiss"]
[EventRounds "9"]
[EventCountry "ROU"]
[SourceTitle "CBM 144 Extra"]
[Source "ChessBase"]
[SourceDate "2011.10.28"]
[SourceVersion "1"]
[SourceVersionDate "2011.10.28"]
[SourceQuality "1"]

1. e4 d5 2. exd5 Qxd5 3. Nc3 Qa5 4. Bc4 Nf6 5. Nf3 e6 6. d3 c5 7. Bd2 Qd8 8. Qe2 Be7 9. 0-0-0 Nc6 10. a3 a6 11. Ne5 Nd4 12. Qe1 b5 13. Ba2 0-0 14. Ne2 Qb6 15. Nxd4 cxd4 16. Bb4 Bxb4 17. Qxb4 a5 18. Qd2 Bb7 19. Rhg1 Rfd8 20. g4 Rac8 21. Kb1 Bd5 22. g5 Bxa2+ 23. Kxa2 Nd5 24. h4 Qc7 25. Ng4 b4 26. a4 Qc6 27. Kb3 Nc3 28. bxc3 bxc3 29. Qc1 Rb8+ 30. Ka3 Rb4 31. Ka2 Qxa4+ 32. Qa3 Rb2+ 0-1

[Event "Miercurea Ciuc Banc Post op 14th"]
[Site "Miercurea Ciuc"]
[Date "2011.08.15"]
[Round "5"]
[White "Mihaly, Zsolt"]
[Black "Turcuman, Dragos Mihai"]
[Result "0-1"]
[WhiteElo "1638"]
[BlackElo "1592"]
[PlyCount "78"]
[EventDate "2011.08.12"]
[EventType "swiss"]
[EventRounds "9"]
[EventCountry "ROU"]
[SourceTitle "CBM 144 Extra"]
[Source "ChessBase"]
[SourceDate "2011.10.28"]
[SourceVersion "1"]
[SourceVersionDate "2011.10.28"]
[SourceQuality "1"]

1. e4 c5 2. Nf3 d6 3. d4 Nf6 4. Nc3 cxd4 5. Nxd4 g6 6. Be2 Bg7 7. Be3 0-0 8. 0-0 Nc6 9. Qd2 Nxd4 10. Bxd4 Be6 11. Rad1 a6 12. f4 Rc8 13. f5 Bc4 14. Bxc4 Rxc4 15. fxg6 hxg6 16. Qe2 b5 17. b3 Rc8 18. e5 dxe5 19. Bxe5 Qa5 20. Rf3 b4 21. Na4 Rfd8 22. Rfd3 Rxd3 23. Rxd3 Rd8 24. Rxd8+ Qxd8 25. c4 a5 26. c5 Qd5 27. Bf4 Qd4+ 28. Be3 Qe4 29. h3 Nd5 30. Kf2 Nxe3 31. c6 Qxg2+ 32. Kxe3 Qxc6 33. Qd3 Bh6+ 34. Ke2 Qg2+ 35. Ke1 Qa8 36. Nc5 Qh1+ 37. Kf2 Qh2+ 38. Kf1 Qf4+ 39. Kg2 Qg5+ 0-1

[Event "ROM-ch U12 Boys"]
[Site "Voineasa"]
[Date "2008.04.15"]
[Round "5"]
[White "Turcuman, Dragos Mihai"]
[Black "Vasilescu Eminescu, Cristian Nico"]
[Result "1-0"]
[WhiteElo "401"]
[BlackElo "407"]
[PlyCount "79"]
[EventDate "2008.04.08"]
[EventType "swiss"]
[EventRounds "9"]
[EventCountry "ROU"]
[SourceTitle "EXT 2013"]
[Source "ChessBase"]
[SourceDate "2012.11.22"]
[SourceVersion "1"]
[SourceVersionDate "2012.11.22"]
[SourceQuality "1"]

1. e4 e5 2. Nf3 Nc6 3. Bc4 Nf6 4. Nc3 d6 5. d3 Bg4 6. Be3 Be7 7. 0-0 0-0 8. h3 Bh5 9. a3 Nd4 10. g4 Nxf3+ 11. Qxf3 Bg6 12. Rad1 h5 13. g5 Nd7 14. Qg3 c5 15. Bd5 Rb8 16. b4 b6 17. Nb5 Rc8 18. Nxa7 Rc7 19. Nb5 Rc8 20. c3 Nb8 21. Bb7 Qd7 22. Bxc8 Qxb5 23. c4 Qc6 24. Bf5 Qc7 25. Rb1 Nc6 26. b5 Nd4 27. Bxd4 cxd4 28. f4 exf4 29. Qxf4 Qd8 30. e5 dxe5 31. Qxe5 Bxg5 32. Bxg6 Bf6 33. Qxh5 fxg6 34. Qxg6 Qd6 35. a4 Qe5 36. Rbe1 Qb8 37. Rf2 Qd8 38. Rg2 Qc8 39. Re7 Bxe7 40. Qxg7# 1-0